LDR 00829naa#a2200205#i#450# 001 EN\\bibl\121392 005 20260428142117.2 011 ## _a1994-4683 100 ## _a20230531b2023####ek#y0engy0150####ca 102 ## _aRU 200 1# _aINFLUENCE OF QUANTITATIVE AND QUALITATIVE INDICATORS OF OVERCOMING INDIVIDUAL SECTIONS OF A GENERAL OBSTACLES COURSE ON ASSESSMENT IN A GENERAL CONTROL EXERCIS _eJournal article 210 1# _aMoscow _cNational State University of Physical Education, Sports and Health named after P.F. Lesgaft _d2023 215 ## _a5 с. 608 ## _aJournal article _2local 675 ## _aФилософские и научно-теоретические основы физической культуры и спорта. 796.011 _z 700 #1 _a _g 700 #1 _a _g 700 #1 _a _g 700 #1 _a _g 856 4# _auchzapiski.lesgaft.spb.ru _u